000 00489nam a2200217 454500
001 081733
003 BD-ChCU
008 Eng
020 _a06131658X
040 _aDLC
_cDLC
_dBD-ChCU
082 0 0 _a200/S643f
100 1 _aSmith, Wilfred Cantwell
_bx
245 1 0 _aThe faith of other man
_bx
250 _ax
260 _aNew York
_bHarper Torch books
_c1962
300 _a140
504 _a
650 0 _aReligion faith
_bReligion faith
700 1 _ax
942 _2ddc
_cBK
999 _c81733
_d81733